| 000 | 00986nam a2200301Ia 4500 | ||
|---|---|---|---|
| 003 | GCL | ||
| 008 | 140319s9999 xx 000 0 ara d | ||
| 020 | _a4519208977 | ||
| 040 |
_aGCL / _cGCL |
||
| 082 | 0 | 4 |
_a191 _bع ن |
| 100 | 1 | _aعلاء طاهر | |
| 245 | 1 | 0 |
_aنهايات الفضاء الفلسفى : _bالفلسفة الغربية بين اللحظة الآنية والمستقبل / _cعلاء طاهر |
| 250 | _aالاولى | ||
| 260 |
_aالقاهرة : _bمكتبة مدبولى ، _c2005 |
||
| 300 |
_a192 ص ؛ _c24 سم |
||
| 650 | 0 | 4 | _aالفلسفة الاسلامية |
| 650 | 0 | 4 | _aهيجل |
| 650 | 0 | 4 | _aالفلسفة الغربية |
| 650 | 0 | 4 | _aالشك |
| 650 | 0 | 4 | _aفريدريك نيتشه |
| 650 | 0 | 4 | _aالفلسفة الفرنسية |
| 650 | 0 | 4 | _aمارتن هيدجر |
| 650 | 0 | 4 | _aميشيل فوكو |
| 650 | 0 | 4 | _aجيل دولوز |
| 650 | 0 | 4 | _aكلود ليفى شتراوس |
| 650 | 0 | 4 | _aميشيل سير |
| 942 |
_2ddc _cBK |
||
| 999 |
_c9502 _d9502 |
||